| 000 | 00687nam a22001937a 4500 | ||
|---|---|---|---|
| 003 | SISC | ||
| 005 | 20170711085008.0 | ||
| 008 | 170711b xxu||||| |||| 00| 0 eng d | ||
| 020 | _a9789814714983 | ||
| 050 |
_aHF 5601 _b.M478 2015 |
||
| 100 | _aWilliams, Jan R. | ||
| 245 |
_aFinancial accounting : _binternational financial reporting standards / _cJan R. Williams, Susan F. Haka, Mark S. Bettner, Joseph V. Carcello, Nelson C.Y. Lam, Peter T.Y. Lau |
||
| 250 | _a2nd edition. | ||
| 260 |
_a[Manila?]: _bMcGraw-Hill Education, _c2015. |
||
| 300 |
_axxx, 727 pages : _billustrations ; _c26 cm. |
||
| 500 | _aIncludes appendices and index. | ||
| 650 | _aAccounting. | ||
| 942 |
_2lcc _cBK |
||
| 999 |
_c339019 _d339019 |
||